Portugal e Brasil no advento do mundo moderno (Registo nº 636)
[ vista simples ]
| 000 -Etiqueta do registo | |
|---|---|
| Cabeçalho | 01048cam a2200325 4500 |
| 005 - Identificador da versão | |
| Campo de controlo | 20240813121808.0 |
| 010 ## - Número internacional normalizado dos livros (ISBN) | |
| Número (ISBN) | 9727722385 |
| 021 ## - Número do Depósito Legal | |
| Código do país | PT |
| Número | 163609/01 |
| 035 ## - Other System Control Numbers | |
| System Control Number | 0000664 |
| System Control Number | 0000660 |
| System Control Number | 0000660 |
| System Control Number | 0000648 |
| 100 ## - Dados gerais de processamento | |
| Dados gerais de processamento | 20010507d2001 m y0pory5003 ba |
| 102 ## - Pais de publicação ou produção | |
| País de publicação | Portugal |
| 101 0# - Língua de publicação | |
| Língua do texto, banda sonora, etc. | Português |
| 106 ## - Campo de dados codificados: material textual | |
| Dados codificados do material textual | r |
| 105 ## - Campo de dados codificados: livros | |
| Dados codificados dos livros | y z 001yy |
| 215 ## - Descrição física | |
| Indicação específica da natureza do documento e extensão da espécie | 392, [1] p. |
| Dimensões | 23 cm |
| 200 1# - Titulo e menção de responsabilidade | |
| Título próprio | Portugal e Brasil no advento do mundo moderno |
| Primeira menção de responsabilidade | Sextas Jornadas de História Ibero-Americana |
| Outras menções de responsabilidade | org. Instituto de Cultura Ibero-Atlântico |
| -- | coord. Maria do Rosário Pimentel |
| 225 2# - Colecção | |
| Título próprio da colecção | Extra-colecção |
| 205 ## - Menção da edição | |
| Menção da edição | 1ª ed |
| 210 ## - Publicação, Distribuição, etc. | |
| Lugar da edição, distribuição, etc. | Lisboa |
| Nome do editor, distribuidor, etc. | Colibri |
| Data da publicação, distribuição, etc. | 2001 |
| 675 ## - Classificação Decimal Universal (CDU) | |
| Notação | 94(469)"1415/1998" |
| Edição | BN |
| Língua da edição | por |
| Edição | BN |
| Língua da edição | por |
| Notação | 94(81) |
| Edição | BN |
| Língua da edição | por |
| Edição | BN |
| Língua da edição | por |
| 702 #1 - Nome de autor-pessoa física (responsabilidade secundária) | |
| Número de registo de entrada de autoridade | 0000805 |
| Palavra de ordem | Pimentel |
| Outra parte do nome não tomada para palavra de ordem | Maria do Rosário |
| Datas | 1953- |
| Código de função | Editor literário / Coordenador |
| 710 #2 - Nome de colectividade-autor (responsabilidade principal) | |
| Número de registo de entrada de autoridade | 0000806 |
| Palavra de ordem | Jornadas de História Ibero-Americana |
| Número do grupo-eventual e/ou número de uma parte do grupo-eventual | 6 |
| Local do grupo-eventual | Portimão |
| Data do grupo-eventual | 2000 |
| 712 02 - Nome de colectividade-autor (responsabilidade secundária) | |
| Número de registo de entrada de autoridade | 0000764 |
| Palavra de ordem | Instituto de Cultura Ibero-Atlântica |
| Código de função | Organizador de conferência |
| 942 ## - Elementos de entrada adicionados (Koha) | |
| Tipo de item no Koha | Livro |
| Situação do levantamento | Origin of item (home branch) (coded) | Biblioteca de empréstimo | Código de barras | Circulation type (not for loan) | Tipo de documento | Nota do exemplar | Damaged status |
|---|---|---|---|---|---|---|---|
| Biblioteca Escolar Eng. Nuno Mergulhão | Biblioteca Escolar Eng. Nuno Mergulhão | BENM654 | Livro | Sem mensagem |
